[Event "Cap d'Agde op"]
[Site "Cap d'Agde"]
[Date "1994.??.??"]
[Round "?"]
[White "Marciano, David"]
[Black "Tregubov, Pavel V"]
[Result "1/2-1/2"]
[WhiteElo "2395"]
[BlackElo "2545"]

1.e4 c5 2.Nf3 e6 3.d4 cxd4 4.Nxd4 Nc6 5.Nc3 Qc7 6.Be2 a6 7.O-O Nf6 8.Be3 Bb4
9.Na4 Rb8 10.c4 Bd6 11.f4 Nxe4 12.c5 Be7 13.Rc1 Nb4 14.Bf3 Nf6 15.Nc3 Bxc5
16.a3 Nc6 17.Ncb5 axb5 18.Rxc5 d5 19.Qc2 O-O 20.Nxc6 bxc6 21.Rxc6 Qd8 22.Bc5 Re8
23.Bd6 Bb7 24.Bc7 Qd7 25.Rb6 Rec8 26.Rc1 Ne8 27.Bxb8 Rxc2 28.Rxc2 h6 29.Rc5 Ba8
30.Rbxb5 d4 31.Bxa8 d3 32.Bf3 d2 33.h3 d1=Q+ 34.Bxd1 Qxd1+ 35.Kh2 Nf6 36.Rc8+ Kh7
37.Be5 Ne4 38.Rc7 f6 39.Rbb7 Kg6 40.Rxg7+ Kh5 41.Rb5 f5 42.b3 Qe2 43.a4 Nd2
44.Kh1 Qe1+  1/2-1/2

[Event "Capablanca mem-A"]
[Site "?"]
[Date "1994.??.??"]
[Round "5"]
[White "Spangenberg, Hugo"]
[Black "Van Wely, Loek"]
[Result "1-0"]
[WhiteElo "2510"]
[BlackElo "2570"]

1.e4 c5 2.Nc3 Nc6 3.Nge2 e6 4.d4 cxd4 5.Nxd4 d6 6.Be3 Nf6 7.g4 h6 8.h4 Nxd4
9.Bxd4 e5 10.Be3 Bxg4 11.f3 Bd7 12.Bc4 Bc6 13.Qd3 a6 14.O-O-O Be7 15.Rhg1 Nh5
16.Nd5 b5 17.Bb3 Rc8 18.f4 exf4 19.Nxf4 Nxf4 20.Bxf4 g5 21.Be5 dxe5 22.Qf3 O-O
23.Rxd8 Rcxd8 24.Qf5 Kg7 25.hxg5 Bxg5+ 26.Rxg5+ hxg5 27.Qxg5+ Kh7 28.Qh5+ Kg7
29.Qxe5+ Kh7 30.Qf6 Ba8 31.c3 Rd3 32.e5 Rg3 33.Bc2+  1-0

[Event "Capablanca mem-A"]
[Site "?"]
[Date "1994.??.??"]
[Round "10"]
[White "Hernandez, Gilberto"]
[Black "Zapata, Alonso"]
[Result "0-1"]
[WhiteElo "2485"]
[BlackElo "2565"]

1.e4 c5 2.Nf3 e6 3.d4 cxd4 4.Nxd4 Nc6 5.Nc3 Qc7 6.g3 d6 7.Bg2 a6 8.O-O Bd7
9.a4 Nf6 10.Nb3 Be7 11.f4 O-O 12.g4 Bc8 13.g5 Nd7 14.Be3 Re8 15.Kh1 Rb8 16.Qh5 g6
17.Qh4 b5 18.axb5 axb5 19.Rf3 h5 20.Rh3 Bf8 21.Bf3 Bg7 22.Bxh5 gxh5 23.Qxh5 Ne7
24.Rf1 Nf8 25.Bd4 e5 26.fxe5 Qc4 27.Rd3 dxe5 28.Nd5 Neg6 29.Qf3 Be6 30.Rc3 exd4
31.Rxc4 bxc4 32.Nc5 Bxd5 33.exd5 Ne5 34.Qf2 Rxb2 35.Qxd4 Rxc2 36.Qe4 Rd2
37.Nb7 Rb8 38.d6 c3 39.Rc1 Nd3  0-1

[Event "Cappelle op"]
[Site "Cappelle la Grande"]
[Date "1994.??.??"]
[Round "4"]
[White "Rytshagov, Mikhail"]
[Black "Piskov, Yury"]
[Result "1/2-1/2"]
[WhiteElo "2470"]
[BlackElo "2550"]

1.e4 c5 2.Nf3 e6 3.d4 cxd4 4.Nxd4 Nc6 5.Nc3 Qc7 6.Be3 a6 7.Bd3 Nf6 8.O-O b5
9.Qe2 Bb7 10.f4 Nxd4 11.Bxd4 Bc5 12.Bxc5 Qxc5+ 13.Kh1 b4 14.Nd1 d6 15.Nf2 e5
16.fxe5 Qxe5 17.a3  1/2-1/2

[Event "Cappelle op"]
[Site "Cappelle la Grande"]
[Date "1994.??.??"]
[Round "5"]
[White "Mitkov, Nikola"]
[Black "Skripchenko, Almira"]
[Result "1-0"]
[WhiteElo "2470"]
[BlackElo "2235"]

1.e4 c5 2.Nc3 Nc6 3.Nf3 e6 4.d4 cxd4 5.Nxd4 Nf6 6.a3 Be7 7.f4 d5 8.e5 Nd7
9.Be3 O-O 10.Be2 Nxd4 11.Bxd4 f6 12.exf6 Nxf6 13.O-O Bd7 14.Qd2 Rc8 15.Qe3 a6
16.Kh1 Rc6 17.Rae1 Be8 18.Bd3 Bf7 19.Qh3 h6 20.Rf3 Kh8 21.Ne2 Bg8 22.g4 Bh7
23.g5 Ne4 24.Bxg7+  1-0

[Event "Cappelle op"]
[Site "Cappelle la Grande"]
[Date "1994.??.??"]
[Round "6"]
[White "Pedzich, Dominik"]
[Black "Salaun, Yann"]
[Result "0-1"]
[WhiteElo "2400"]
[BlackElo "2270"]

1.e4 c5 2.Nf3 e6 3.d4 cxd4 4.Nxd4 Nc6 5.Nc3 Qc7 6.Be2 a6 7.f4 d6 8.Be3 Nf6
9.O-O Be7 10.a4 O-O 11.Kh1 Re8 12.Qd2 Rb8 13.Bf3 Na5 14.Qe2 e5 15.fxe5 dxe5
16.Nf5 Bxf5 17.exf5 Nc4 18.Nd5 Nxd5 19.Bxd5 Nxe3 20.Qxe3 Qxc2 21.b3 Qc5 22.Qf3 Bf6
23.Rac1 Qe7 24.Qe4 Red8 25.Rc3 Rd7 26.Rd1 Rbd8 27.Rcd3 Kf8 28.a5 Qc5 29.b4 Qc2
30.Qe1 e4 31.R3d2 Bc3 32.Rxc2 Bxe1 33.Rxe1 Rxd5 34.Kg1 Rd4 35.b5 axb5 36.Rc7 R8d7
37.Rc5 b4 38.Rb5 Ke7 39.Rb6 Rc4 40.Re2 Kd8 41.f6 gxf6 42.Rxf6 b3 43.Rb6 e3
44.h4 Rc1+ 45.Kh2 Rc3 46.Kg3 Kc7 47.Kf3 Re7 48.g4 Re5 49.Rb4 Kc6 50.Rb6+ Kc7
51.Rb4 Rd3 52.Kf4 Rxa5 53.Rxe3 Rxe3 54.Kxe3 Kc6 55.Rxb3 Ra4 56.Rc3+ Kb6 57.Kf3 h5
58.gxh5 Rxh4 59.Rb3+ Kc6 60.Rc3+ Kd6 61.Rd3+ Ke6 62.Re3+ Kf6  0-1

[Event "Cappelle op"]
[Site "Cappelle la Grande"]
[Date "1994.??.??"]
[Round "6"]
[White "Gdanski, Jacek"]
[Black "Mastrokoukos, Georgios"]
[Result "1-0"]
[WhiteElo "2505"]
[BlackElo "2385"]

1.e4 c5 2.Nc3 e6 3.Nge2 Nc6 4.d4 cxd4 5.Nxd4 Nf6 6.Ndb5 d6 7.Bf4 e5 8.Bg5 a6
9.Na3 b5 10.Nd5 Be7 11.Bxf6 Bxf6 12.Nb1 O-O 13.a4 Rb8 14.axb5 axb5 15.Nbc3 Nd4
16.Bd3 Be6 17.O-O Bg5 18.b4 Qd7 19.Ra6 g6 20.Kh1 Kh8 21.Qa1 f5 22.f4 Bh6
23.fxe5 dxe5 24.Ra7 Rb7 25.Ra8 Rbb8 26.Ra7 Rb7 27.Ra8 Rbb8 28.Rxb8 Rxb8 29.Nxb5 Rxb5
30.Bxb5 Qxb5 31.Nc7 Qc4 32.Nxe6 Qxe6 33.c3 Nc2 34.exf5 gxf5 35.Qa8+ Kg7 36.Rd1 e4
37.Qd8 Bf4 38.Rd7+ Kg6 39.h4 e3 40.Re7 Qf6 41.Qe8+ Kh6 42.Re6  1-0

[Event "Cappelle op"]
[Site "Cappelle la Grande"]
[Date "1994.??.??"]
[Round "7"]
[White "Tseshkovsky, Vitaly"]
[Black "Fominyh, Alexander"]
[Result "1/2-1/2"]
[WhiteElo "2515"]
[BlackElo "2515"]

1.e4 c5 2.Nf3 e6 3.d4 cxd4 4.Nxd4 Nc6 5.Nc3 Qc7 6.Be3 a6 7.Be2 Nf6 8.O-O Bb4
9.Na4 O-O 10.Nxc6 bxc6 11.c4 Be7 12.Bf3 d6 13.c5 d5 14.Nb6 Rb8 15.Qc2 dxe4
16.Bxe4 Ng4 17.g3 Nxe3 18.fxe3 f5 19.Bg2 Bxc5 20.Qxc5 Qxb6 21.Qxb6 Rxb6 22.b3 Kf7
23.Rac1 Bd7 24.e4 Ke7 25.Rc4 h6 26.exf5 Rxf5 27.Re1 c5 28.Rec1 Rd6 29.R4c2 Rd4
30.Bf1 Bb5  1/2-1/2

[Event "Cappelle op"]
[Site "Cappelle la Grande"]
[Date "1994.??.??"]
[Round "8"]
[White "Kuzmin, Gennadi P"]
[Black "Piskov, Yury"]
[Result "1/2-1/2"]
[WhiteElo "2505"]
[BlackElo "2550"]

1.e4 c5 2.Nf3 e6 3.d4 cxd4 4.Nxd4 Nc6 5.Nc3 Qc7 6.g3 a6 7.Bg2 Nf6 8.O-O Be7
9.Nb3 O-O 10.f4 d5 11.Qe2 dxe4 12.Nxe4 Bd7  1/2-1/2

[Event "Cappelle op"]
[Site "Cappelle la Grande"]
[Date "1994.??.??"]
[Round "9"]
[White "Mitkov, Nikola"]
[Black "Fominyh, Alexander"]
[Result "1/2-1/2"]
[WhiteElo "2470"]
[BlackElo "2515"]

1.e4 c5 2.Nf3 e6 3.d4 cxd4 4.Nxd4 Nc6 5.Nc3 Qc7 6.Be3 a6 7.a3 b5 8.Nxc6 Qxc6
9.Qd4 Bb7 10.Be2 Qd6 11.O-O Qxd4 12.Bxd4 Rc8 13.Rfd1 Ne7 14.f4 Nc6 15.Bb6 f6
16.Kf1 Nb8 17.Bf2 Bc5 18.Bxc5 Rxc5  1/2-1/2

[Event "Ceske Budejovice op"]
[Site "Ceske Budejovice"]
[Date "1994.??.??"]
[Round "3"]
[White "Franzen, Josef"]
[Black "Haba, Petr"]
[Result "0-1"]
[WhiteElo "2300"]
[BlackElo "2505"]

1.e4 c5 2.Nf3 e6 3.d4 cxd4 4.Nxd4 Nc6 5.Nc3 Qc7 6.g3 a6 7.Bg2 Nf6 8.O-O Nxd4
9.Qxd4 Bc5 10.Bf4 d6 11.Qd2 h6 12.Na4 e5 13.Nxc5 dxc5 14.Be3 Ng4 15.Rad1 Be6
16.a3 O-O 17.Qc3 Nxe3 18.Qxe3 Rfd8 19.Bf3 Qb6 20.b4 Qc7 21.c3 Bb3 22.Rb1 c4
23.Be2 Rd6 24.Rb2 Rad8 25.f4 R6d7 26.Rf2 Qc6 27.fxe5 Qe6 28.Rf5 Bd1 29.Bf1 Bg4
30.Rf4 Bh3 31.Be2 b5 32.g4 Qxe5 33.Rb1 Qg5 34.Qg3 h5 35.gxh5 Qxg3+ 36.hxg3 Rd2
37.Rf2 Rc2 38.Bd1 Rxc3 39.Kh2 Be6 40.a4 Rcd3 41.Be2 Rb3  0-1

[Event "Ceske Budejovice op"]
[Site "Ceske Budejovice"]
[Date "1994.??.??"]
[Round "3"]
[White "Chytilek, Roman"]
[Black "Teske, Henrik"]
[Result "1/2-1/2"]
[WhiteElo "2320"]
[BlackElo "2495"]

1.e4 c5 2.Nf3 Nc6 3.d4 cxd4 4.Nxd4 e6 5.Nc3 Qc7 6.g3 a6 7.Bg2 Nf6 8.O-O Be7
9.h3 O-O 10.a4 d6 11.Be3 Bd7 12.Nde2 Rac8 13.g4 h6 14.f4 Na5 15.b3 Nh7 16.Qe1 Bf6
17.Bd2 b5 18.axb5 axb5 19.Ra2 Nc6 20.Nd1 Ra8  1/2-1/2

[Event "Mencik mem"]
[Site "Ceske Budejovice"]
[Date "1994.??.??"]
[Round "5"]
[White "Holoubkova, Martina"]
[Black "Kubikova, Hana"]
[Result "1/2-1/2"]
[WhiteElo "2190"]
[BlackElo "2155"]

1.e4 c5 2.Nf3 Nc6 3.Nc3 e6 4.d4 cxd4 5.Nxd4 Nf6 6.Ndb5 d6 7.a4 Be7 8.Bf4 e5
9.Bg5 a6 10.Na3 Be6 11.Bc4 Rc8 12.Bxf6 Bxf6 13.Nd5 O-O 14.O-O Bg5 15.c3 Kh8
16.Qe2 Ne7 17.Nxe7 Qxe7 18.Rad1 Bd7 19.Bb3 Bc6 20.Nc4 Rcd8 21.Nb6 f5 22.exf5 Rxf5
23.Nd5 Bxd5 24.Bxd5 Rf4 25.b4 Qc7 26.g3 Rff8 27.c4 b6 28.Rb1 Qd7 29.a5 Rb8
30.axb6 Rxb6 31.Rb3 Bf6 32.Rfb1 Rfb8 33.Qe4 g6 34.h4 Qf5 35.Qe2 Rf8 36.Be4 Qe6
37.h5 Bg5 38.Kg2 Kg7 39.Rh1 Rbb8 40.Bd5 Qe7 41.Qg4 Bd2 42.hxg6 hxg6 43.Be4 Bg5
44.Bxg6 Kxg6 45.Qh5+ Kf6 46.Rf3+ Bf4 47.Qh6+ Kf7 48.gxf4 Rg8+ 49.Kf1 e4 50.Qh7+ Rg7
51.Qf5+ Qf6 52.Qd5+ Qe6 53.Qxe6+ Kxe6 54.Re3 Rxb4 55.Rxe4+ Kf5 56.f3 Rb1+
57.Re1 Rxe1+ 58.Kxe1 Kxf4  1/2-1/2

[Event "USA-op"]
[Site "Chicago"]
[Date "1994.??.??"]
[Round "7"]
[White "Brooks, Michael A"]
[Black "Burke, John S"]
[Result "1-0"]
[WhiteElo "2450"]
[BlackElo "2010"]

1.e4 c5 2.Nf3 Nc6 3.d4 cxd4 4.Nxd4 e6 5.Nc3 a6 6.Nxc6 bxc6 7.Bd3 d5 8.O-O Nf6
9.Re1 Be7 10.e5 Nd7 11.Qg4 g6 12.Bh6 Rg8 13.a3 Qc7 14.Qg3 Bb7 15.Bg5 Bxg5
16.Qxg5 h6 17.Qg3 O-O-O 18.Na4 Qa5 19.b3 c5 20.c4 d4 21.Qf4 Rgf8 22.Be4 Qc7
23.b4 f5 24.Bxb7+ Kxb7 25.Rab1 Ka7 26.Qxh6 Rh8 27.Qg7 Rc8 28.b5 Nb6 29.Qxc7+ Rxc7
30.Nxb6 Kxb6 31.a4 a5 32.Rb3 Rch7 33.h3 g5 34.Kf1 Rh4 35.Rg3 g4 36.hxg4 f4
37.Rh3 Rxh3 38.gxh3 f3 39.Rd1 Rxh3 40.Ke1 Rh1+ 41.Kd2 Rh2 42.Rf1 Rg2 43.Kd3 Rxg4
44.Rh1 Rg2 45.Rh6 Rxf2 46.Rxe6+ Kb7 47.Re7+ Kc8 48.Rf7 Re2 49.Rxf3 Rxe5 50.Rf6 Kb7
51.Rc6 Kb8 52.Rb6+ Kc7 53.Rg6 Re3+ 54.Kd2 Rc3 55.Rc6+ Kb7 56.Rxc5 Ra3 57.Rd5 Kb6  1-0

[Event "Copenhagen op16"]
[Site "Copenhagen"]
[Date "1994.??.??"]
[Round "9"]
[White "Hector, Jonny"]
[Black "Brodsky, Michail"]
[Result "1/2-1/2"]
[WhiteElo "2515"]
[BlackElo "2500"]

1.e4 c5 2.Nf3 e6 3.d4 cxd4 4.Nxd4 Nc6 5.Nc3 Qc7 6.f4 a6 7.Nf3 Bc5 8.Bd3 b5
9.Qe2 Nd4 10.Nxd4 Bxd4 11.Bd2 Bb7 12.Nd1 Nf6 13.a4 Qc6 14.axb5 axb5 15.Rxa8+ Bxa8
16.Bc3 Bxc3+ 17.Nxc3 b4 18.Nb5 O-O 19.e5 Ne4 20.Nd4 Qb6 21.Qe3 Nc5 22.Bf1 Bd5
23.Bd3 Nxd3+ 24.cxd3 Qb7 25.f5 f6 26.fxe6 dxe6 27.exf6 Rxf6 28.Rf1 Qa8 29.Rxf6 Qa1+
30.Kd2 Qxb2+ 31.Kd1 Bb3+ 32.Ke1 gxf6 33.Qg3+ Kf7 34.Qc7+ Kg6 35.Qg3+  1/2-1/2

[Event "CZE-ch"]
[Site "?"]
[Date "1994.??.??"]
[Round "1"]
[White "Stocek, Jiri"]
[Black "Jansa, Vlastimil"]
[Result "0-1"]
[WhiteElo "2305"]
[BlackElo "2515"]

1.e4 c5 2.Nf3 e6 3.d4 cxd4 4.Nxd4 Nc6 5.Nc3 a6 6.g3 d6 7.Bg2 Qc7 8.O-O Nf6
9.Be3 Be7 10.a4 O-O 11.Qe2 Bd7 12.Rad1 Rac8 13.h3 Nxd4 14.Rxd4 e5 15.Rd2 Be6
16.Rfd1 Qa5 17.Bg5 Qb4 18.Bxf6 Bxf6 19.Rxd6 Qxb2 20.Nd5 Bxd5 21.R6xd5 Rxc2
22.R5d2 Rfc8 23.Qg4 Qc3 24.Rxc2 Qxc2 25.Rd2 Qc7 26.Bf1 Rd8 27.Qd1 Rd4 28.Rxd4 exd4
29.Qb3 g5 30.Qd5 Be5 31.Bc4 h5 32.Kg2 h4 33.gxh4 gxh4 34.Be2 Qe7 35.Bg4 Kg7
36.f4 Bxf4 37.Qxd4+ Be5 38.Qf2 Qg5 39.Qf5 Qd2+ 40.Qf2 Qd3 41.Qxh4 Qxe4+ 42.Kf1 Qf4+
43.Kg2 f6 44.Qf2 Qxa4 45.Bf3 Qb4 46.Qa7 Qd2+ 47.Kf1 Bd4 48.Qxb7+ Kh6  0-1

[Event "CZE-ch"]
[Site "?"]
[Date "1994.??.??"]
[Round "4"]
[White "Hausner, Ivan"]
[Black "Pisk, Petr"]
[Result "1/2-1/2"]
[WhiteElo "2480"]
[BlackElo "2260"]

1.e4 c5 2.Nc3 Nc6 3.Nge2 e6 4.d4 cxd4 5.Nxd4 Nf6 6.Ndb5 d6 7.Bf4 e5 8.Bg5 a6
9.Na3 b5 10.Bxf6 gxf6 11.Nd5 Bg7 12.Bd3 Ne7 13.Nxe7 Qxe7 14.c4 f5 15.O-O O-O
16.Qe2 bxc4 17.Nxc4 Bb7 18.Rfd1 Rab8 19.Ne3 Bxe4 20.Bxe4 fxe4 21.Qg4 f5 22.Nxf5 Qf6
23.Nxg7 Qxg7 24.Qe2 Qb7 25.Rxd6 Qxb2 26.Qg4+ Kh8 27.Rf1 e3 28.Rd7 exf2+ 29.Kh1 Rg8
30.Qh4 Rg7 31.Rd8+ Rxd8 32.Qxd8+ Rg8 33.Qf6+ Rg7 34.h3 Qxa2 35.Rxf2 Qa5 36.Re2 Qc7
37.Rxe5 Qf7 38.Qd8+ Rg8 39.Qd3 Qg6 40.Qe2 Qb1+ 41.Kh2 Qb8 42.g3 Qd6 43.h4 Rd8  1/2-1/2

[Event "CZE-ch"]
[Site "?"]
[Date "1994.??.??"]
[Round "5"]
[White "Svatos, Jan"]
[Black "Jansa, Vlastimil"]
[Result "0-1"]
[WhiteElo "2280"]
[BlackElo "2515"]

1.e4 c5 2.Nf3 e6 3.d4 cxd4 4.Nxd4 Nc6 5.Nc3 a6 6.Nxc6 bxc6 7.Bd3 d5 8.O-O Nf6
9.Qf3 Bb7 10.Re1 Be7 11.Bg5 O-O 12.e5 Nd7 13.Qh3 g6 14.Bh6 Re8 15.Qg4 c5
16.Rad1 Bc6 17.b3 Qb8 18.Bf4 Qb4 19.Nb1 a5 20.h4 a4 21.Nd2 Nf8 22.Nf3 axb3
23.axb3 c4 24.bxc4 dxc4 25.Nd4 Bd5 26.Be4 Bxe4 27.Rxe4 Qb7 28.Ree1 h5 29.Qg3 Red8
30.Bh6 Qb6 31.Nf3 Qb2 32.Qf4 Qxc2 33.Rxd8 Rxd8 34.Ng5 Qf5 35.Qxc4 Rd2 36.Re2 Rd1+
37.Kh2 Nd7 38.Qe4 Qxe4 39.Rxe4 Nc5 40.Re2 Nd3 41.Ra2 Nxe5 42.f3 Rd8 43.Ra7 Bf8
44.Bxf8 Kxf8 45.Kg3 Rd7 46.Ra5 Nc6 47.Ra6 Ne7 48.Kh3 Nf5 49.Rb6 Rd1 50.Rb8+ Kg7
51.g3 Ne3 52.Kh2 Rd2+ 53.Kh1 Rd7 54.Kg1 Nf5 55.Kg2 Rd2+ 56.Kh3 Ne3 57.Ne4 Rd1
58.Kh2 Rd7 59.Kg1 Nf5 60.Kf2 Ra7 61.Rb2 Kf8 62.Kg2 Ne3+ 63.Kh1 Ke7 64.Rb6 Rc7
65.Kg1 Nf5 66.Ra6 Rb7 67.Ra8 Nd4 68.Kf2 e5 69.Ra2 Rc7 70.Ra5 f6 71.Ra6 Rc6
72.Ra7+ Ke6 73.Rg7 Rc2+ 74.Ke3 Nf5+ 75.Kd3 Nxg7 76.Kxc2 f5 77.Ng5+ Kd5 78.Kd3 Ne6
79.Nh7 e4+ 80.Ke3 Ke5 81.fxe4 fxe4 82.Ke2 Kd4 83.Nf6 Nc5 84.Nh7 Nd7 85.Ng5 Nf6
86.Ne6+ Ke5 87.Nf4 Kf5 88.Ke3 Ng4+ 89.Ke2 Ne5 90.Ke3 Nc4+ 91.Kd4 Nd6 92.Kd5 Nb5
93.Kc4 Kg4 94.Kxb5 Kxg3 95.Nxg6 e3 96.Ne5 e2 97.Nd3 Kxh4 98.Nf4 e1=Q 99.Ng2+ Kg3
100.Nxe1 h4 101.Nc2 Kf2 102.Nb4 h3 103.Nd3+ Kg3  0-1

[Event "CZE-ch"]
[Site "?"]
[Date "1994.??.??"]
[Round "8"]
[White "Hausner, Ivan"]
[Black "Beil, Zdenek"]
[Result "1-0"]
[WhiteElo "2480"]
[BlackElo "2355"]

1.e4 c5 2.Nc3 e6 3.Nge2 Nc6 4.d4 cxd4 5.Nxd4 a6 6.Be3 Nf6 7.Bd3 Qc7 8.O-O Bd6
9.h3 Be5 10.Nde2 d5 11.exd5 exd5 12.Bc5 Be6 13.Re1 Nd7 14.Ba3 b5 15.f4 b4
16.Bxb4 Nxb4 17.fxe5 Qxe5 18.Qd2 O-O 19.Rad1 Nf6 20.Qf4 Qb8 21.b3 Rc8 22.Qh4 a5
23.Kh1 h6 24.a3 Nxd3 25.Rxd3 a4 26.b4 Rc4 27.Rd4 Rc6 28.b5 Rc5 29.Rb4 Qb7
30.Qd4 Rac8 31.Rxa4 Rc4 32.Qa7 Qxa7 33.Rxa7 d4 34.Na4 Rxc2 35.Nxd4 Rc1 36.Rxc1 Rxc1+
37.Kh2 Bd5 38.b6 Rc4 39.Nf5 Be4 40.Nd6  1-0

[Event "CZE-ch"]
[Site "?"]
[Date "1994.??.??"]
[Round "10"]
[White "Svatos, Jan"]
[Black "Stocek, Jiri"]
[Result "1-0"]
[WhiteElo "2280"]
[BlackElo "2305"]

1.e4 c5 2.Nf3 e6 3.d4 cxd4 4.Nxd4 Nc6 5.Nc3 Qc7 6.Be3 a6 7.Nxc6 bxc6 8.Bd3 Nf6
9.O-O e5 10.Na4 Rb8 11.c4 d6 12.b3 Be7 13.h3 O-O 14.Rc1 a5 15.f4 exf4 16.Bxf4 Qa7+
17.Kh2 Be6 18.Bb1 Rbd8 19.Rc3 g6 20.Bh6 Rfe8 21.Rcf3 Nd7 22.Qd2 Ne5 23.Rg3 f6
24.Be3 c5 25.Nc3 h5 26.Bf4 h4 27.Bxe5 hxg3+ 28.Bxg3 Kg7 29.Be1 a4 30.Qd3 axb3
31.axb3 Rh8 32.Nd5 Bxd5 33.exd5 Rh6 34.Bd2 g5 35.Bc3 Rg8 36.Qf5 Kf8 37.Qe6 g4
38.Bxf6 Bxf6 39.Rxf6+ Rxf6 40.Qxf6+ Qf7 41.Qxd6+ Kg7 42.hxg4 Qe8 43.Qc7+ Qf7
44.Qxf7+ Kxf7 45.Kg3 Rb8 46.Bc2 Ra8 47.Kf4 Ra2 48.Be4 Rb2 49.Ke5 Rxb3 50.g5  1-0

[Event "Djakovo op"]
[Site "Djakovo"]
[Date "1994.??.??"]
[Round "3"]
[White "Kutuzovic, Branko"]
[Black "Khudiakov, Igor"]
[Result "1-0"]
[WhiteElo "2365"]
[BlackElo "2410"]

1.e4 c5 2.Nf3 Nc6 3.Nc3 e6 4.d4 cxd4 5.Nxd4 a6 6.g3 Bb4 7.Nxc6 bxc6 8.Qd4 Bf8
9.e5 f6 10.Bf4 Bb7 11.Rg1 c5 12.Qc4 fxe5 13.Bxe5 Nf6 14.O-O-O Be7 15.Bh3 Qb6
16.Rge1 Bf3 17.Bxf6 gxf6 18.Rxd7 Kxd7 19.Rxe6 Bc6 20.Nd5 Qb5 21.Rxe7+ Kd8
22.Qf4  1-0

[Event "Dresden (Women)"]
[Site "Dresden"]
[Date "1994.??.??"]
[Round "?"]
[White "Micic, Jordanka"]
[Black "Bojkovic, Natasa"]
[Result "1/2-1/2"]
[WhiteElo "2330"]
[BlackElo "2410"]

1.e4 c5 2.Nf3 e6 3.d4 cxd4 4.Nxd4 Nc6 5.Nc3 Qc7 6.Be2 a6 7.Be3 Nf6 8.O-O Be7
9.f4 d6 10.Qe1 O-O 11.Qg3 Nxd4 12.Bxd4 b5 13.a3 Bb7 14.Rae1 Bc6 15.Kh1 Qb7
16.Bd3 b4 17.axb4 Qxb4 18.Ne2 Qb7 19.e5 Nh5 20.Qh3 g6 21.Ng3 dxe5 22.Bxe5 Nxg3+
23.hxg3 Bb5 24.Be4 Bc6 25.Bd3 Bb5 26.Be4  1/2-1/2

[Event "Dresden U20"]
[Site "Dresden"]
[Date "1994.??.??"]
[Round "?"]
[White "Van den Doel, Erik"]
[Black "Docx, Stefan"]
[Result "1-0"]
[WhiteElo "2280"]
[BlackElo "2270"]

1.e4 c5 2.Nf3 e6 3.d4 cxd4 4.Nxd4 Nc6 5.Nc3 Qc7 6.g3 Nf6 7.Bg2 a6 8.O-O Be7
9.Re1 d6 10.Nxc6 bxc6 11.Na4 d5 12.exd5 cxd5 13.Bf4 Qa5 14.c4 Bb7 15.a3 Bc6
16.Nc3 Rd8 17.b4 Qb6 18.cxd5 Nxd5 19.Nxd5 Bxd5 20.Qa4+ Qb5 21.Qxb5+ axb5
22.Bf1 Bc6 23.Rac1 Bd7 24.Red1 e5 25.Bxe5 O-O 26.Bc7 Bg4 27.Bxd8 Bxd8 28.Re1 Bf3
29.Bxb5 Bf6 30.Rc4 Bb2  1-0

[Event "RUS-ch"]
[Site "Elista"]
[Date "1994.??.??"]
[Round "6"]
[White "Tiviakov, Sergei"]
[Black "Tunik, Gennady"]
[Result "1/2-1/2"]
[WhiteElo "2640"]
[BlackElo "2450"]

1.e4 c5 2.Nf3 Nc6 3.d4 cxd4 4.Nxd4 e6 5.Nc3 a6 6.g3 Nge7 7.Nb3 d6 8.Bg2 Ng6
9.f4 Be7 10.Be3 Na5 11.Nxa5 Qxa5 12.Qd2 Bd7 13.O-O-O Rc8 14.Kb1 b5 15.h4 h5
16.Bf3 Bc6 17.Rhe1 Qc7 18.Ne2 e5 19.f5 Nf8 20.Nc1 Nd7 21.Qe2 Bb7 22.Nd3 g6
23.fxg6 fxg6 24.Rg1 Rf8 25.Bg2 Nf6 26.Bh6 Rf7 27.Nf2 Qc4 28.Rd3 b4 29.Re1 a5
30.Bh3 Rc7 31.b3 Qc6 32.Qd2 Bc8 33.Bxc8 Rxc8 34.Bg5 Nd7 35.Bxe7 Kxe7 36.Qg5+ Rf6
37.Rd2 Nc5 38.g4 Ne6 39.Qh6 Rcf8 40.Nd1 hxg4 41.Ne3 Kd8 42.Nxg4 Rf1 43.Rdd1 Rxe1
44.Rxe1 Qe8 45.Qd2 Nd4 46.c3 bxc3 47.Qxc3 Qb5 48.Rc1 Ne6 49.Ne3 Ke7 50.Nd5+ Kf7
51.h5 Qe2 52.Re1 Qxh5 53.Qc6 Nf4 54.Qxd6 Kg7 55.Rc1 Nxd5 56.Qxd5 Rf4 57.Qxa5 Rxe4
58.Qd8 Rf4 59.Rc7+ Rf7 60.Rxf7+ Kxf7 61.Qd5+ Kf6 62.a4 Qe2 63.a5 e4 64.Qd6+ Kf5
65.a6 Qb5 66.Kc2 Qe2+ 67.Kc3 Qe3+ 68.Kc4 Qe2+ 69.Kc3 Qe3+ 70.Kb2 Qf2+ 71.Ka3 Qa7
72.Kb4 g5 73.Kc4 Kg4 74.b4 Kf3 75.b5 g4 76.Qf6+ Ke2 77.Qf4 e3 78.Qxg4+ Kd2
79.Qf4 Qb6 80.Kb4 Kd1 81.Qf1+ Kd2 82.Qf4 Kd1 83.Qf1+  1/2-1/2

[Event "RUS-ch"]
[Site "Elista"]
[Date "1994.??.??"]
[Round "8"]
[White "Yemelin, Vasily"]
[Black "Tunik, Gennady"]
[Result "1-0"]
[WhiteElo "2520"]
[BlackElo "2450"]

1.e4 c5 2.Nf3 e6 3.d4 cxd4 4.Nxd4 Nc6 5.Nc3 a6 6.Be2 Qc7 7.O-O Nf6 8.Be3 Bb4
9.Na4 Be7 10.Nxc6 bxc6 11.Nb6 Rb8 12.Nxc8 Qxc8 13.e5 Nd5 14.Bc1 Bc5 15.c4 Ne7
16.b3 Qc7 17.Bb2 O-O 18.Bd3 Rbd8 19.Qe1 d6 20.Rd1 dxe5 21.Qxe5 Qxe5 22.Bxe5 Bb4
23.Be4 f5 24.Bf3 Kf7 25.Bc7 Rxd1 26.Rxd1 Kf6 27.Bd8 e5 28.Bxc6 Rxd8 29.Rxd8 Nxc6
30.Ra8 Ke6 31.Rxa6 Kd7 32.a3 Bc3 33.b4 e4 34.g3 Nd4 35.h4 f4 36.gxf4 Nf3+
37.Kf1 Nd2+ 38.Ke2 Nxc4 39.b5 Nd6 40.a4 h5 41.Ra7+ Kc8 42.b6 Nb7 43.Ke3 Ba5
44.Ra8+ Kd7 45.Kxe4 Bxb6 46.Rh8 Nc5+ 47.Kf5 Nxa4 48.Rxh5 Nc5 49.Rg5 Ne6 50.Rg6 Nd4+
51.Ke4 Ne6 52.f5 Nc5+ 53.Kd5 Na4 54.h5 Bxf2 55.Rxg7+ Ke8 56.h6 Kf8 57.f6  1-0

[Event "RUS-ch"]
[Site "Elista"]
[Date "1994.??.??"]
[Round "9"]
[White "Akhmadeev, Vadim"]
[Black "Poluljahov, Aleksandr"]
[Result "0-1"]
[WhiteElo "2395"]
[BlackElo "2485"]

1.e4 c5 2.Nf3 e6 3.d4 cxd4 4.Nxd4 Nc6 5.Nc3 Qc7 6.g3 a6 7.Bg2 d6 8.O-O Bd7
9.Kh1 Nf6 10.Nde2 Be7 11.h3 b5 12.a3 O-O 13.g4 Bc8 14.Ng3 Re8 15.g5 Nd7 16.f4 Bf8
17.f5 Rb8 18.f6 g6 19.Nce2 Bb7 20.h4 Nde5 21.Nf4 Rbd8 22.h5 d5 23.exd5 exd5
24.hxg6 hxg6 25.Nxd5 Qc8 26.Rf4 Rxd5 27.Qxd5 Na5  0-1

[Event "RUS-ch"]
[Site "Elista"]
[Date "1994.??.??"]
[Round "9"]
[White "Ulibin, Mikhail"]
[Black "Yemelin, Vasily"]
[Result "1/2-1/2"]
[WhiteElo "2510"]
[BlackElo "2520"]

1.e4 c5 2.Nf3 e6 3.d4 cxd4 4.Nxd4 Nc6 5.Nc3 Qc7 6.f4 a6 7.Nxc6 bxc6 8.e5 d5
9.exd6 Bxd6 10.Ne4 Be7 11.Bd3 c5 12.Qe2 Nh6 13.Ng5 Nf5 14.O-O g6 15.Bd2 O-O
16.Bxf5 exf5 17.Bc3 Bb7 18.Qe3 Rae8 19.Nxh7 Bh4 20.Qh3 Re2 21.Rf3 Rxg2+ 22.Qxg2 Bxf3
23.Qxf3 Kxh7 24.Be5 Qe7 25.Rd1 Rd8 26.Rxd8  1/2-1/2

[Event "RUS-ch"]
[Site "Elista"]
[Date "1994.??.??"]
[Round "11"]
[White "Svidler, Peter"]
[Black "Sokolov, Andrei"]
[Result "1-0"]
[WhiteElo "2550"]
[BlackElo "2580"]

1.e4 c5 2.Nf3 e6 3.Nc3 Nc6 4.d4 cxd4 5.Nxd4 d6 6.f4 Nf6 7.Be3 e5 8.Nf3 Ng4
9.Qd2 Nxe3 10.Qxe3 exf4 11.Qxf4 Be6 12.O-O-O Be7 13.Nd5 O-O 14.Kb1 Rc8 15.Be2 Qa5
16.Bc4 Rfe8 17.Bb3 Qc5 18.Rd3 b5 19.Rhd1 Na5 20.Nxe7+ Rxe7 21.Rxd6 Nxb3 22.Rd8+ Re8
23.Rxe8+ Rxe8 24.axb3 h6 25.Rd4 Rc8 26.Qd2 Kh7 27.b4 Qc7 28.b3 Ra8 29.Rd6 a5
30.bxa5 Rxa5 31.e5 Qa7 32.Qd4 Qa8 33.Qd3+ g6 34.Qd4 Ra3 35.Rd8 Qa5 36.Re8 b4
37.Nd2 Qa6 38.Nc4 Ra2 39.Rb8 h5 40.Rxb4 Bf5 41.Ne3  1-0

[Event "RUS-ch"]
[Site "Elista"]
[Date "1994.??.??"]
[Round "11"]
[White "Kuporosov, Viktor"]
[Black "Kharlov, Andrei"]
[Result "0-1"]
[WhiteElo "2510"]
[BlackElo "2530"]

1.e4 c5 2.Nf3 Nc6 3.Nc3 e6 4.d4 cxd4 5.Nxd4 Nf6 6.Ndb5 d6 7.Bf4 e5 8.Bg5 a6
9.Na3 b5 10.Nd5 Be7 11.Bxf6 Bxf6 12.c3 Bb7 13.Nc2 Nb8 14.g3 Nd7 15.Bg2 Nc5
16.O-O O-O 17.Nce3 g6 18.Nxf6+ Qxf6 19.Nd5 Bxd5 20.Qxd5 Qe6 21.Qd2 Rac8 22.b3 Rc6
23.Rad1 Rfc8 24.Rfe1 R8c7 25.Re3 Qc8 26.Bf1 Kg7 27.h4 Rb6 28.Kh2 Qb7 29.Qe1 Nd7
30.Red3 Rcc6 31.Kg1 Nf6 32.Bg2 Qc7 33.Qd2 b4 34.c4 Nd7 35.f4 Nc5 36.Rd5 Qe7
37.Qb2 f6 38.f5 a5 39.Qd2 a4 40.Qc2 axb3 41.axb3 Ra6 42.Kh2 Ra3 43.Rb1 Qa7
44.Rb2 Rca6 45.Rd2 Ra1 46.Rf2 Qe7 47.fxg6 hxg6 48.Qd2 Rb6 49.Qe3 Rb8 50.Ra2 Rb1
51.Rab2 Rxb2 52.Rxb2 Ra8 53.Qd2 Qc7 54.Bf3 Qb6 55.Qd5 Ra6 56.h5 Qb7 57.Qd2 gxh5
58.Qg2 Ne6 59.Qh3 Ng5 60.Qf5 Qf7 61.Bg2 Qe6 62.Qf1 Qg4 63.c5 Rc6 64.Rd2 dxc5
65.Qb5 Qc8 66.Qc4 Qc7 67.Rd5 Qe7 68.Qb5 Rc7 69.Qd3 Qf7 70.Qb5 c4 71.bxc4 Rb7
72.Qa4 b3 73.Rb5 b2 74.Qb3 Rxb5 75.Qxb5 Kg6 76.Qxb2 Qxc4 77.Qb7 Qe6 78.Qa8 Qf7
79.Qc8 Kh7 80.Qd8 Ne6 81.Qc8 Nd4 82.Kh1 Ne2 83.Kh2 Qb3 84.Qd7+ Kh6 85.Qh3 Qe3
86.Qh4 Kg7 87.Qxh5 Qxg3+ 88.Kh1 Qe1+ 89.Kh2 Qg1+  0-1

[Event "Petrosian mem"]
[Site "Erevan"]
[Date "1994.??.??"]
[Round "?"]
[White "Suetin, Alexey S"]
[Black "Taimanov, Mark E"]
[Result "1/2-1/2"]
[WhiteElo "2385"]
[BlackElo "2505"]

1.e4 c5 2.Nf3 e6 3.d4 cxd4 4.Nxd4 Nc6 5.Nc3 a6 6.Be3 Nge7 7.Nb3 d6 8.Qh5 g6
9.Qh4 Bg7 10.Bh6 O-O 11.O-O-O Nf5 12.Qxd8 Bxh6+ 13.Kb1 Rxd8 14.exf5 gxf5
15.h3 Kf8 16.g4 f4 17.Bd3 Kg8 18.g5 Bg7 19.Ne4 Ne5 20.Nf6+ Kf8 21.Nh5 f3
22.Rhe1 Bd7 23.Nd4 Bc6 24.Be4 Rac8 25.Bxc6 bxc6 26.Nxg7 Kxg7 27.Re3 Rb8 28.Nxf3 Nc4
29.Rb3 c5 30.Kc1 Rxb3 31.axb3 Nb6 32.Kd2 Nd5 33.Ra1 Nc7 34.h4 Kg6 35.Ra4 e5
36.Ke2 Kf5 37.Nd2 Re8 38.b4 cxb4 39.Rxb4 Nd5 40.Rb7 Re7 41.Rxe7 Nxe7 42.Nc4 d5
43.Nd6+ Ke6 44.Nb7 Ng6 45.Nc5+ Kd6 46.Nxa6 Nxh4 47.b4 Ng6 48.c3 Nf4+ 49.Kf3  1/2-1/2